US States with Lowest Proportion of Cigarette-Related Cancer Deaths - Statistics

General Stats
  • This quiz has been taken 49 times
  • The average score is 7 of 10
Answer Stats
Rank State % Correct
2 California
84%
5 New York
84%
3 Colorado
80%
4 Hawaii
80%
6 Idaho
67%
8 New Jersey
67%
1 Utah
67%
7 Minnesota
60%
9 Texas
60%
10 North Dakota
49%
No matching quizzes found
Score Distribution
Percent of People with Each Score
Percentile by Number Answered
Your Score History
You have not taken this quiz